[Event "OP-2013-0-02700"]
[Site "LSS email"]
[Date "2013.03.24"]
[Round "?"]
[White "Pepermans, Toon"]
[Black "Ramazzotti, Carlo"]
[Result "1-0"]
[WhiteElo "2355"]
[BlackElo "830"]
[PlyCount "67"]
[EventDate "2013.03.20"]
[EventType "tourn (corr)"]
[EventRounds "4"]
[EventCountry "GER"]
[SourceTitle "Telechess CBM 161"]
[Source "ChessBase"]
[SourceDate "2014.07.16"]
[SourceVersion "1"]
[SourceVersionDate "2014.07.16"]
[SourceQuality "1"]

1. e4 e5 2. Nf3 Nc6 3. Bb5 Bc5 4. c3 Nf6 5. d4 Bb6 6. Nxe5 Nxe5 7. dxe5 Nxe4 8. Qg4 Bxf2+ 9. Ke2 Qh4 10. Qxg7 Rf8 11. Bh6 Bc5 12. Nd2 Qf2+ 13. Kd1 Nxd2 14. Bxd2 c6 15. Rf1 Qh4 16. Rf4 Qxh2 17. Bd3 d6 18. Kc2 Be6 19. Bf5 Bxf5+ 20. Rxf5 Qh4 21. Re1 0-0-0 22. e6 Rg8 23. Qxf7 d5 24. g3 Qg4 25. e7 Rde8 26. Rg5 Qa4+ 27. Kc1 Rh8 28. Rg7 Qxa2 29. Rxh7 Rhg8 30. Qe6+ Kc7 31. Qxg8 Qa1+ 32. Kc2 Rxg8 33. e8Q+ Kb6 34. Rxb7+ 1-0

[Event "RN-2013-0-00599"]
[Site "LSS email"]
[Date "2013.02.02"]
[Round "?"]
[White "Ramazzotti, Carlo"]
[Black "Hinestroza, Douglas"]
[Result "1-0"]
[WhiteElo "832"]
[BlackElo "766"]
[PlyCount "41"]
[EventDate "2013.01.26"]
[EventType "tourn (corr)"]
[EventRounds "6"]
[EventCountry "GER"]
[SourceTitle "Telechess CBM 159"]
[Source "ChessBase"]
[SourceDate "2014.03.17"]
[SourceVersion "1"]
[SourceVersionDate "2014.03.17"]
[SourceQuality "1"]

1. e4 e6 2. d4 d5 3. Nc3 c6 4. Nf3 Be7 5. Bd3 Nf6 6. 0-0 0-0 7. Re1 Nbd7 8. e5 Ne8 9. Ne2 Nc7 10. c3 b6 11. Qc2 h6 12. Nf4 Bb7 13. Qd2 Qc8 14. Bc2 Ba6 15. Nh5 Ne8 16. Nxg7 Nxg7 17. Qxh6 Nf5 18. Bxf5 exf5 19. Ng5 Bxg5 20. Qxg5+ Kh8 21. Re3 1-0

[Event "RN-2012-0-00585"]
[Site "LSS email"]
[Date "2013.01.03"]
[Round "?"]
[White "Ramazzotti, Carlo"]
[Black "Cherry, Brian"]
[Result "1-0"]
[WhiteElo "832"]
[BlackElo "700"]
[PlyCount "57"]
[EventDate "2012.12.26"]
[EventType "tourn (corr)"]
[EventRounds "6"]
[EventCountry "GER"]
[SourceTitle "Telechess CBM 159"]
[Source "ChessBase"]
[SourceDate "2014.03.17"]
[SourceVersion "1"]
[SourceVersionDate "2014.03.17"]
[SourceQuality "1"]

1. e4 e5 2. Nc3 Nf6 3. Nf3 Nc6 4. d3 d5 5. exd5 Nxd5 6. Nxd5 Qxd5 7. Be2 Bc5 8. 0-0 f6 9. Nd2 a6 10. Bh5+ g6 11. Bf3 Qe6 12. Nb3 Bb6 13. Bh6 Bd7 14. d4 Nxd4 15. Nxd4 Bxd4 16. c3 Bb6 17. Bxb7 Rb8 18. Bd5 Qe7 19. Qc2 c6 20. Bc4 a5 21. Rad1 g5 22. Qe4 Rc8 23. Rd2 f5 24. Qe2 Qf6 25. Bxg5 Qg7 26. Rd6 Bc7 27. Qh5+ Kf8 28. Rf6+ Ke7 29. Rf7+ 1-0

[Event "CP-2012-P-00005"]
[Site "LSS email"]
[Date "2012.10.01"]
[Round "?"]
[White "Ghyssens, Dirk"]
[Black "Ramazzotti, Carlo"]
[Result "1-0"]
[WhiteElo "2233"]
[BlackElo "830"]
[PlyCount "59"]
[EventDate "2012.10.05"]
[EventType "tourn (corr)"]
[EventRounds "6"]
[EventCountry "GER"]
[SourceTitle "Telechess CBM 161"]
[Source "ChessBase"]
[SourceDate "2014.07.16"]
[SourceVersion "1"]
[SourceVersionDate "2014.07.16"]
[SourceQuality "1"]

1. e4 e5 2. Nf3 Nc6 3. Bb5 Bc5 4. c3 Nf6 5. d4 Bb6 6. Nxe5 Nxe5 7. dxe5 Nxe4 8. Qg4 Bxf2+ 9. Ke2 Qh4 10. Qxg7 Rf8 11. Bh6 Bc5 12. Nd2 Qf2+ 13. Kd1 Nxd2 14. Bxd2 c6 15. Rf1 Qh4 16. Rf4 Qxh2 17. Bd3 d6 18. Kc2 Be6 19. Bf5 Bxf5+ 20. Rxf5 Qh4 21. Re1 0-0-0 22. e6 Rg8 23. Qxf7 d5 24. e7 Rde8 25. Rg5 Rh8 26. Bf4 Rxe7 27. Rxe7 Bxe7 28. g3 Qh2+ 29. Kd3 Bxg5 30. Qc7# 1-0

[Event "RN-2012-0-00532"]
[Site "LSS email"]
[Date "2012.09.27"]
[Round "?"]
[White "Ramazzotti, Carlo"]
[Black "Kuzmin, Konstantin"]
[Result "0-1"]
[WhiteElo "695"]
[BlackElo "1316"]
[PlyCount "112"]
[EventDate "2012.09.06"]
[EventType "tourn (corr)"]
[EventRounds "6"]
[EventCountry "GER"]
[SourceTitle "Telechess CBM 165"]
[Source "ChessBase"]
[SourceDate "2015.03.11"]
[SourceVersion "1"]
[SourceVersionDate "2015.03.11"]
[SourceQuality "1"]

1. e4 c5 2. c4 Nc6 3. Nc3 g6 4. Nf3 Bg7 5. Be2 d6 6. 0-0 Nf6 7. d3 0-0 8. Nd5 a6 9. Rb1 b5 10. b3 Bg4 11. Nxf6+ Bxf6 12. Bh6 Re8 13. Ng5 Bxe2 14. Qxe2 Qa5 15. Nf3 Nb4 16. e5 dxe5 17. a4 bxa4 18. bxa4 Qc7 19. Rfe1 Rad8 20. Nxe5 Bxe5 21. Qxe5 Qxe5 22. Rxe5 Nxd3 23. Re2 Rb8 24. Rxb8 Rxb8 25. g3 e5 26. Re3 Rb1+ 27. Kg2 Ne1+ 28. Kh3 f6 29. f4 Nc2 30. Re4 Nd4 31. fxe5 f5 32. Re3 Kf7 33. Rc3 Ra1 34. a5 Rxa5 35. g4 Ra4 36. gxf5 gxf5 37. Kh4 a5 38. h3 Rb4 39. Bc1 Ke6 40. Ba3 Rb3 41. Rxb3 Nxb3 42. Bb2 a4 43. Kg3 Nd2 44. Kf2 Nxc4 45. Ba1 Nxe5 46. h4 a3 47. Ke3 a2 48. Kd2 f4 49. Ke2 Kd5 50. Kf2 Ke4 51. Kg2 f3+ 52. Kg3 Nd3 53. h5 Ke3 54. h6 Ke2 55. Kg4 f2 56. Kf5 f1Q+ 0-1

[Event "RN-2012-0-00532"]
[Site "LSS email"]
[Date "2012.09.16"]
[Round "?"]
[White "Ramazzotti, Carlo"]
[Black "Villar, Jeremias"]
[Result "1-0"]
[WhiteElo "695"]
[BlackElo "907"]
[PlyCount "79"]
[EventDate "2012.09.06"]
[EventType "tourn (corr)"]
[EventRounds "6"]
[EventCountry "GER"]
[SourceTitle "Telechess CBM 165"]
[Source "ChessBase"]
[SourceDate "2015.03.11"]
[SourceVersion "1"]
[SourceVersionDate "2015.03.11"]
[SourceQuality "1"]

1. e4 c5 2. Nc3 d6 3. d3 h6 4. Be2 e5 5. Nf3 Nf6 6. 0-0 Be7 7. h3 Nc6 8. Bd2 0-0 9. Nd5 b5 10. a4 b4 11. Nxe7+ Qxe7 12. Be3 a5 13. c3 Ba6 14. Qc2 d5 15. cxb4 d4 16. b5 Nb4 17. Qc4 Bb7 18. Bd2 Nd7 19. Rac1 Rac8 20. Qb3 Kh7 21. g4 g5 22. Kg2 Rc7 23. Bxb4 axb4 24. a5 Ra8 25. a6 Bc8 26. Qd5 Nb6 27. Qxe5 f6 28. Qxe7+ Rxe7 29. Rxc5 Na4 30. Rc4 Bd7 31. Nxd4 Bxb5 32. Nxb5 Rb8 33. a7 Ra8 34. Rfc1 Rb7 35. Rc7+ Rxc7 36. Rxc7+ Kg6 37. d4 Nxb2 38. Nd6 Na4 39. Nf5 Nc3 40. Rg7# 1-0

[Event "RN-2012-0-00532"]
[Site "LSS email"]
[Date "2012.09.16"]
[Round "?"]
[White "Sandocal, Uzmir"]
[Black "Ramazzotti, Carlo"]
[Result "1-0"]
[WhiteElo "800"]
[BlackElo "695"]
[PlyCount "45"]
[EventDate "2012.09.06"]
[EventType "tourn (corr)"]
[EventRounds "6"]
[EventCountry "GER"]
[SourceTitle "Telechess CBM 165"]
[Source "ChessBase"]
[SourceDate "2015.03.11"]
[SourceVersion "1"]
[SourceVersionDate "2015.03.11"]
[SourceQuality "1"]

1. d4 d5 2. c4 Nf6 3. cxd5 Nxd5 4. e4 Nb4 5. Qa4+ N4c6 6. d5 Qd7 7. dxc6 bxc6 8. Nf3 Qd6 9. e5 Qg6 10. Nc3 e6 11. h4 f6 12. h5 Qf7 13. Be3 Be7 14. h6 g6 15. exf6 Bxf6 16. 0-0-0 Bxc3 17. bxc3 0-0 18. Ne5 Qf5 19. Qa5 Qf6 20. Rh3 Nd7 21. Rf3 Qh4 22. Nxd7 Rxf3 23. gxf3 1-0

[Event "RN-2012-0-00532"]
[Site "LSS email"]
[Date "2012.09.16"]
[Round "?"]
[White "Venturas, Bob"]
[Black "Ramazzotti, Carlo"]
[Result "0-1"]
[WhiteElo "730"]
[BlackElo "695"]
[PlyCount "50"]
[EventDate "2012.09.06"]
[EventType "tourn (corr)"]
[EventRounds "6"]
[EventCountry "GER"]
[SourceTitle "Telechess CBM 165"]
[Source "ChessBase"]
[SourceDate "2015.03.11"]
[SourceVersion "1"]
[SourceVersionDate "2015.03.11"]
[SourceQuality "1"]

1. e4 e5 2. Nf3 Nc6 3. c3 d6 4. h3 Nf6 5. d3 Be7 6. Be2 0-0 7. Nbd2 Be6 8. Nf1 b6 9. Ng3 h6 10. 0-0 d5 11. Qc2 d4 12. cxd4 Nxd4 13. Qd1 Nxf3+ 14. Bxf3 Rc8 15. Kh1 Qd7 16. Be2 Bc5 17. f4 exf4 18. Bxf4 Bxh3 19. Bf3 Be6 20. b3 Bg4 21. Nf5 Bxf5 22. exf5 Bd4 23. Rc1 Qxf5 24. Bb7 Ng4 25. Bg3 Qh5+ 0-1

[Event "OP-2012-0-02293"]
[Site "LSS email"]
[Date "2012.07.14"]
[Round "?"]
[White "Ramazzotti, Carlo"]
[Black "Pilgram, Kurt"]
[Result "0-1"]
[WhiteElo "639"]
[BlackElo "1602"]
[PlyCount "60"]
[EventDate "2012.07.09"]
[EventType "tourn (corr)"]
[EventRounds "4"]
[EventCountry "GER"]
[SourceTitle "Telechess CBM 153"]
[Source "ChessBase"]
[SourceDate "2013.03.14"]
[SourceVersion "1"]
[SourceVersionDate "2013.03.14"]
[SourceQuality "1"]

1. e4 c5 2. Nc3 Nc6 3. Nf3 d6 4. Bc4 a6 5. 0-0 Nf6 6. d3 Bg4 7. h3 Bxf3 8. gxf3 e6 9. f4 g6 10. Ne2 d5 11. exd5 exd5 12. Bb3 Qd7 13. Kh2 0-0-0 14. d4 c4 15. Ba4 b5 16. c3 bxa4 17. Qxa4 Kb7 18. b3 Re8 19. b4 Rxe2 20. Ba3 Ne4 21. b5 axb5 22. Qxb5+ Kc7 23. Bc5 Bxc5 24. Rab1 Rb8 25. Qa6 Qf5 26. dxc5 Qxf4+ 27. Kg1 Qg5+ 28. Kh1 Nxf2+ 29. Kh2 Nd3+ 30. Kh1 Qg2# 0-1

[Event "OP-2012-0-02292"]
[Site "LSS email"]
[Date "2012.07.12"]
[Round "?"]
[White "Ramazzotti, Carlo"]
[Black "O'Brien, Glenn"]
[Result "0-1"]
[WhiteElo "768"]
[BlackElo "1326"]
[PlyCount "64"]
[EventDate "2012.07.09"]
[EventType "tourn (corr)"]
[EventRounds "4"]
[EventCountry "GER"]
[SourceTitle "Telechess CBM 165"]
[Source "ChessBase"]
[SourceDate "2015.03.11"]
[SourceVersion "1"]
[SourceVersionDate "2015.03.11"]
[SourceQuality "1"]

1. e4 e5 2. Nf3 Nc6 3. g3 Nf6 4. Nc3 Bc5 5. h3 d6 6. Bg2 0-0 7. 0-0 Be6 8. a3 Nd4 9. Na4 Nd7 10. c3 Bb3 11. Qe1 Nc2 12. Qe2 Nxa1 13. d4 Bxa4 14. dxc5 Nxc5 15. Qc4 Nab3 16. Be3 Qe8 17. Qd5 Bc6 18. Qd1 Bxe4 19. Bxc5 Nxc5 20. Nd2 Bxg2 21. Kxg2 e4 22. b4 Nd3 23. Nc4 Qc6 24. Ne3 Qxc3 25. Nd5 Qxa3 26. Nxc7 Rac8 27. Nb5 Qxb4 28. Nxa7 Rc1 29. Qe2 Rxf1 30. Qxf1 Ra8 31. Qa1 Qd2 32. Qd4 Ne1+ 0-1

[Event "SN-2012-0-00444"]
[Site "LSS email"]
[Date "2012.07.07"]
[Round "?"]
[White "Smith, Harry E"]
[Black "Ramazzotti, Carlo"]
[Result "0-1"]
[WhiteElo "681"]
[BlackElo "695"]
[PlyCount "60"]
[EventDate "2012.06.14"]
[EventType "tourn (corr)"]
[EventRounds "6"]
[EventCountry "GER"]
[SourceTitle "Telechess CBM 165"]
[Source "ChessBase"]
[SourceDate "2015.03.11"]
[SourceVersion "1"]
[SourceVersionDate "2015.03.11"]
[SourceQuality "1"]

1. e4 e5 2. Nf3 Nf6 3. d3 Bc5 4. Bg5 h6 5. Bxf6 gxf6 6. d4 exd4 7. Nxd4 Bb4+ 8. c3 Ba5 9. Be2 h5 10. Bxh5 Nc6 11. Nxc6 dxc6 12. Qxd8+ Kxd8 13. Bxf7 Ke7 14. Bc4 Rh4 15. Bd3 Be6 16. Nd2 Rd8 17. Bc2 b5 18. 0-0 Rxd2 19. Bb3 Rxb2 20. Bxe6 Kxe6 21. f3 Bxc3 22. Rac1 Bd4+ 23. Kh1 Rxa2 24. Rxc6+ Kd7 25. Rfc1 Be5 26. R6c5 Rxh2+ 27. Kg1 Rhxg2+ 28. Kf1 Raf2+ 29. Ke1 Bg3 30. Rxc7+ Bxc7 0-1

[Event "SN-2012-0-00444"]
[Site "LSS email"]
[Date "2012.07.06"]
[Round "?"]
[White "Ramazzotti, Carlo"]
[Black "Fonteboa Seller, Manuel"]
[Result "1-0"]
[WhiteElo "695"]
[BlackElo "800"]
[PlyCount "23"]
[EventDate "2012.06.14"]
[EventType "tourn (corr)"]
[EventRounds "6"]
[EventCountry "GER"]
[SourceTitle "Corr 2015"]
[Source "ChessBase"]
[SourceDate "2015.07.17"]
[SourceVersion "1"]
[SourceVersionDate "2015.07.17"]
[SourceQuality "1"]

1. e4 c5 2. Nc3 Nc6 3. Nf3 d6 4. Ng5 Nf6 5. Bc4 e6 6. 0-0 Be7 7. Nb5 a6 8. Na3 b5 9. Be2 Bb7 10. d3 Qc7 11. h3 h6 12. Nf3 1-0

[Event "RN-2012-0-00500"]
[Site "LSS email"]
[Date "2012.07.02"]
[Round "?"]
[White "Neil, Charles"]
[Black "Ramazzotti, Carlo"]
[Result "0-1"]
[WhiteElo "610"]
[BlackElo "642"]
[PlyCount "34"]
[EventDate "2012.06.22"]
[EventType "tourn (corr)"]
[EventRounds "6"]
[EventCountry "GER"]
[SourceTitle "Corr 2015"]
[Source "ChessBase"]
[SourceDate "2015.07.17"]
[SourceVersion "1"]
[SourceVersionDate "2015.07.17"]
[SourceQuality "1"]

1. d4 d5 2. c4 dxc4 3. Nc3 Nf6 4. e3 Bg4 5. f3 Bh5 6. Bxc4 e6 7. Nge2 Be7 8. Nf4 g5 9. Nxh5 Nxh5 10. 0-0 c6 11. Qb3 b5 12. Be2 f5 13. Qxe6 f4 14. Ne4 Ng7 15. Qe5 0-0 16. exf4 Nd7 17. fxg5 Nxe5 0-1

[Event "RN-2012-0-00500"]
[Site "LSS email"]
[Date "2012.07.02"]
[Round "?"]
[White "Ramazzotti, Carlo"]
[Black "Brough, Carl"]
[Result "0-1"]
[WhiteElo "642"]
[BlackElo "774"]
[PlyCount "36"]
[EventDate "2012.06.22"]
[EventType "tourn (corr)"]
[EventRounds "6"]
[EventCountry "GER"]
[SourceTitle "Telechess CBM 155"]
[Source "ChessBase"]
[SourceDate "2013.07.16"]
[SourceVersion "1"]
[SourceVersionDate "2013.07.16"]
[SourceQuality "1"]

1. e4 e5 2. Bb5 Nf6 3. Nc3 c6 4. Ba4 Bb4 5. Nf3 0-0 6. a3 Bxc3 7. dxc3 Nxe4 8. Nxe5 Qe7 9. Bf4 d6 10. Nf3 Nxc3+ 11. Kd2 Nxd1 12. Raxd1 Qe4 13. Be3 Qxa4 14. h3 Bf5 15. Rc1 Qa5+ 16. c3 Nd7 17. g4 Qd5+ 18. Ke2 Bd3+ 0-1

[Event "RN-2012-0-00500"]
[Site "LSS email"]
[Date "2012.07.02"]
[Round "?"]
[White "Ramazzotti, Carlo"]
[Black "Simmons, Ernest"]
[Result "0-1"]
[WhiteElo "642"]
[BlackElo "793"]
[PlyCount "116"]
[EventDate "2012.06.22"]
[EventType "tourn (corr)"]
[EventRounds "6"]
[EventCountry "GER"]
[SourceTitle "Telechess CBM 155"]
[Source "ChessBase"]
[SourceDate "2013.07.16"]
[SourceVersion "1"]
[SourceVersionDate "2013.07.16"]
[SourceQuality "1"]

1. e4 c6 2. d4 d5 3. Bd3 dxe4 4. Bxe4 Nf6 5. Bd3 e6 6. Bf4 Bd6 7. Nh3 Bxf4 8. Nxf4 Qxd4 9. Qc1 0-0 10. c3 Qd8 11. Na3 e5 12. Nh3 Qxd3 13. f3 Bxh3 14. gxh3 Qxf3 15. Rg1 Qe4+ 16. Kf2 Qf5+ 17. Ke2 Nd5 18. Qh6 Nf4+ 19. Ke1 Ng6 20. Qe3 Nd7 21. Nc4 Qf4 22. Rg4 Qxe3+ 23. Nxe3 Ne7 24. Rd1 Rad8 25. h4 g6 26. h5 Nf6 27. Rg2 Rxd1+ 28. Nxd1 Nxh5 29. Rd2 Nf6 30. b4 Nf5 31. Nf2 Nh4 32. Rd6 Kg7 33. c4 Nf3+ 34. Ke2 Nxh2 35. b5 cxb5 36. cxb5 b6 37. a4 h5 38. a5 Rb8 39. Rd1 Nhg4 40. Ra1 Nxf2 41. Kxf2 Nd5 42. Kf3 Nc3 43. Ke3 Nxb5 44. Ke4 f6 45. Kd5 Nc3+ 46. Kc6 b5 47. Kc7 Rf8 48. Kb7 Rf7+ 49. Ka6 h4 50. Rc1 Rc7 51. Rxc3 Rxc3 52. Kxa7 Ra3 53. Kb6 h3 54. a6 h2 55. Kxb5 h1Q 56. Kb6 Rc3 57. a7 Qb1+ 58. Ka6 Ra3# 0-1

[Event "RN-2012-0-00500"]
[Site "LSS email"]
[Date "2012.07.02"]
[Round "?"]
[White "Torfs, Gert"]
[Black "Ramazzotti, Carlo"]
[Result "0-1"]
[WhiteElo "832"]
[BlackElo "642"]
[PlyCount "44"]
[EventDate "2012.06.22"]
[EventType "tourn (corr)"]
[EventRounds "6"]
[EventCountry "GER"]
[SourceTitle "Telechess CBM 155"]
[Source "ChessBase"]
[SourceDate "2013.07.16"]
[SourceVersion "1"]
[SourceVersionDate "2013.07.16"]
[SourceQuality "1"]

1. e4 e5 2. Nf3 Nc6 3. Bb5 a6 4. Ba4 b5 5. Bb3 Nf6 6. d3 Bb4+ 7. Bd2 Qe7 8. Nc3 Bxc3 9. Bxc3 d6 10. 0-0 0-0 11. Re1 h6 12. a4 g5 13. Bd2 b4 14. a5 Bg4 15. h3 Bh5 16. g4 Bg6 17. Ra4 Qd7 18. Bxb4 Nxg4 19. hxg4 Qxg4+ 20. Kf1 Qh3+ 21. Ke2 Bh5 22. Bd5 Bxf3+ 0-1

[Event "RN-2012-0-00491"]
[Site "LSS email"]
[Date "2012.06.11"]
[Round "?"]
[White "Torfs, Gert"]
[Black "Ramazzotti, Carlo"]
[Result "1-0"]
[WhiteElo "835"]
[BlackElo "695"]
[PlyCount "29"]
[EventDate "2012.05.31"]
[EventType "tourn (corr)"]
[EventRounds "6"]
[EventCountry "GER"]
[SourceTitle "Corr 2015"]
[Source "ChessBase"]
[SourceDate "2015.07.17"]
[SourceVersion "1"]
[SourceVersionDate "2015.07.17"]
[SourceQuality "1"]

1. e4 e5 2. Nf3 Nc6 3. Bb5 a6 4. Ba4 b5 5. Bb3 Bd6 6. Nc3 Nf6 7. d3 0-0 8. 0-0 b4 9. Nd5 Rb8 10. Bg5 h6 11. Nxf6+ gxf6 12. Bxh6 Re8 13. Nh4 Bc5 14. Qg4+ Kh7 15. Qg7# 1-0

[Event "SN-2012-0-00438"]
[Site "LSS email"]
[Date "2012.06.08"]
[Round "?"]
[White "Huseby, Juan Carlos"]
[Black "Ramazzotti, Carlo"]
[Result "1-0"]
[WhiteElo "598"]
[BlackElo "639"]
[PlyCount "135"]
[EventDate "2012.05.14"]
[EventType "tourn (corr)"]
[EventRounds "6"]
[EventCountry "GER"]
[SourceTitle "Telechess CBM 153"]
[Source "ChessBase"]
[SourceDate "2013.03.14"]
[SourceVersion "1"]
[SourceVersionDate "2013.03.14"]
[SourceQuality "1"]

1. f4 d5 2. Nf3 Nf6 3. d3 Nc6 4. h3 g6 5. Nbd2 Bg7 6. e3 Be6 7. g4 Nd7 8. e4 d4 9. f5 gxf5 10. gxf5 Bxf5 11. exf5 Nc5 12. Ne4 Qd5 13. Bg2 Nxe4 14. Bf4 Qxf5 15. Bxc7 Qg6 16. Nh4 Qg3+ 17. Bxg3 Nxg3 18. Bxc6+ bxc6 19. Qg4 Nxh1 20. Qxg7 Kd7 21. Qxd4+ Kc7 22. 0-0-0 Rhd8 23. Qe5+ Kb6 24. Rxh1 Rd5 25. Qxe7 Rd4 26. Kd2 a5 27. Qe3 c5 28. Nf3 Rd6 29. c4 Rad8 30. Ke2 Re6 31. Ne5 f6 32. Qh6 Rxe5+ 33. Kd2 Rde8 34. Qxf6+ R8e6 35. Qd8+ Ka6 36. Qa8+ Kb6 37. Rh2 Re8 38. Qf3 R5e7 39. h4 Rd7 40. h5 Red8 41. b4 Rxd3+ 42. Qxd3 Rxd3+ 43. Kxd3 cxb4 44. h6 Kc5 45. Rh5+ Kb6 46. Rb5+ Ka6 47. Rb8 Ka7 48. Rh8 a4 49. Rxh7+ Kb6 50. Kd4 b3 51. axb3 axb3 52. Kc3 b2 53. Kxb2 Kc5 54. Kb3 Kd4 55. Rd7+ Ke5 56. h7 Ke6 57. Rd5 Kf7 58. h8Q Ke7 59. Qd8+ Ke6 60. Qd6+ Kf7 61. Rf5+ Kg7 62. Qe7+ Kg6 63. Qf7+ Kh6 64. Rf6+ Kg5 65. Qg6+ Kh4 66. Rf4+ Kh3 67. Rg4 Kh2 68. Qh5# 1-0

[Event "SN-2012-0-00438"]
[Site "LSS email"]
[Date "2012.06.08"]
[Round "?"]
[White "Venturas, Bob"]
[Black "Ramazzotti, Carlo"]
[Result "0-1"]
[WhiteElo "718"]
[BlackElo "639"]
[PlyCount "64"]
[EventDate "2012.05.14"]
[EventType "tourn (corr)"]
[EventRounds "6"]
[EventCountry "GER"]
[SourceTitle "Telechess CBM 153"]
[Source "ChessBase"]
[SourceDate "2013.03.14"]
[SourceVersion "1"]
[SourceVersionDate "2013.03.14"]
[SourceQuality "1"]

1. e4 e5 2. Nf3 Nc6 3. a3 Nh6 4. d4 exd4 5. Bxh6 gxh6 6. Nxd4 Bg7 7. c3 0-0 8. Bd3 d6 9. Nd2 Re8 10. 0-0 Qg5 11. Nxc6 bxc6 12. f4 Qc5+ 13. Kh1 a5 14. f5 Rb8 15. Rb1 Qe3 16. Nf3 d5 17. Re1 Qf4 18. Qa4 Be5 19. Qxc6 Bb7 20. Qc5 c6 21. Qxa5 Bc7 22. Qb4 c5 23. Qxc5 dxe4 24. Bb5 Bd6 25. Qe3 exf3 26. Qxf4 fxg2+ 27. Kg1 Rxe1+ 28. Rxe1 Bxf4 29. h3 Bc7 30. f6 Bb6+ 31. Kh2 Kh8 32. Bd3 Rg8 0-1

[Event "LSS No Engine Cup 66 Preliminary 5"]
[Site "LSS email"]
[Date "2012.05.28"]
[Round "?"]
[White "Wark, Peter"]
[Black "Ramazzotti, Carlo"]
[Result "1-0"]
[WhiteElo "1709"]
[BlackElo "695"]
[PlyCount "37"]
[EventDate "2012.05.29"]
[EventType "tourn (corr)"]
[EventRounds "6"]
[EventCountry "GER"]
[SourceTitle "Corr 2015"]
[Source "ChessBase"]
[SourceDate "2015.07.17"]
[SourceVersion "1"]
[SourceVersionDate "2015.07.17"]
[SourceQuality "1"]

1. e4 e5 2. Nf3 Nc6 3. Bb5 a6 4. Ba4 b5 5. Bb3 Nf6 6. 0-0 Nxe4 7. d4 g6 8. Nxe5 Qf6 9. Nxf7 Nxd4 10. Nxh8 Qxh8 11. Bd5 c6 12. Bxe4 d5 13. Re1 dxe4 14. Rxe4+ Be7 15. Qxd4 Qf8 16. Bg5 Kf7 17. Rxe7+ Kg8 18. Qh4 Bf5 19. Qxh7# 1-0

[Event "SN-2012-0-00436"]
[Site "LSS email"]
[Date "2012.05.24"]
[Round "?"]
[White "Ramazzotti, Carlo"]
[Black "Kratky, Josef"]
[Result "0-1"]
[WhiteElo "639"]
[BlackElo "1061"]
[PlyCount "40"]
[EventDate "2012.04.29"]
[EventType "tourn (corr)"]
[EventRounds "6"]
[EventCountry "GER"]
[SourceTitle "Telechess CBM 153"]
[Source "ChessBase"]
[SourceDate "2013.03.14"]
[SourceVersion "1"]
[SourceVersionDate "2013.03.14"]
[SourceQuality "1"]

1. e4 c5 2. b3 Nf6 3. Nc3 Nc6 4. Nf3 d6 5. Ng5 h6 6. Nh3 Nd4 7. f3 Bxh3 8. gxh3 e5 9. Bc4 Nh5 10. Nd5 Qh4+ 11. Kf1 Qxh3+ 12. Kg1 Nxf3+ 13. Kf2 Nxh2 14. Qg1 Ng4+ 15. Ke2 Ng3+ 16. Kd1 Nxh1 17. Nc7+ Kd8 18. Bf1 Ngf2+ 19. Ke2 Qh5+ 20. Ke1 Qd1# 0-1